U.S. Alphabet Branch #1 - Statistics

General Stats
  • This quiz has been taken 23 times
  • The average score is 18 of 26
Answer Stats
Hint Letter Step Answer % Correct
T lives in this state F 2 Florida
100%
Last Name of T's competitor in 2024: Kamala ____ H 2 Harris
100%
Month where the Capitol was stormed by T supporters J 2 January
100%
Country where T wants to build a W M 2 Mexico
100%
State where T is from N 2 New York
100%
Some people call T this | National Fruit of F O 2 Orange
100%
N Borough where T was from Q 2 Queens
100%
Party that T is a member in R 2 Republican
100%
First name of President before T B 2 Barack
94%
First name of T D 2 Donald
94%
H + burg gives this state's capital P 3 Pennsylvania
94%
President who won the 2016 & 2024 Elections T 1 Trump
94%
Country that T is the president in until 2028 U 2 United States
94%
T wants this on M W 2 Wall
94%
One of the colors used to make O Y 3 Yellow
94%
Capital of N A 3 Albany
76%
State that N shares L C with V 5 Vermont
71%
T might have this from the people of M X 2 Xenophobia
41%
F's state motto I 3 In God We Trust
29%
City named after the L it borders E 4 Erie
24%
C and E are prime examples L 4 Lake
24%
L E is part of the G 5 Great Lakes
18%
Country where K is from S 3 Slovenia
18%
T's first wife: Ivana ________ Z 2 Zelníčková
18%
L shared by N and V C 3 Champlain
12%
T's wife's last name: Melania _____ K 2 Knauss
12%
No matching quizzes found
Score Distribution
Percent of People with Each Score
Percentile by Number Answered
Your Score History
You have not taken this quiz